000 00726nam a2200193 u 4500
001 000247848
003 AM-YeHGA
005 20250618071650.0
008 030717s1952 ai r 000 0 arm d
040 _aAM-YeHGA
100 1 _aՍտեփանյան, Անժելա Մարտիրոսի,
_d1917-2002
_91772
245 1 0 _aՈսկե մեդալ :
_b[Վեպ] /
_cԱ. Ստեփանյան; Խմբ.՝ Աղավնի; Նկ.՝ Հ. Ժամագործյան.
260 _aԵրևան :
_bՀայպետհրատ,
_c1952.
300 _a370 էջ :
_bնկ. ;
_c21 սմ.
650 1 4 _aՀայ գրականություն
_xՎեպ
700 0 _aԱղավնի,
_d1911-1992
_eխմբ.
_4edt
_982
700 1 _aԺամագործյան, Հ.
_eնկ.
_4art
090 _c89868
999 _c88582
_d88582